[Event "ch-ROU w"]
[Site "Baile Olanesti ROU"]
[Date "2010.02.04"]
[Round "6"]
[White "Marin,Ir"]
[Black "Vasilescu,M"]
[Result "1-0"]
[WhiteElo "2144"]
[BlackElo "1780"]

1.c4 e5 2.g3 Nf6 3.Bg2 d5 4.cxd5 Nxd5 5.Nc3 Nb6 6.Nf3 Nc6 7.O-O Be7 8.a3 O-O
9.b4 a6 10.d3 f5 11.Be3 Bf6 12.Rc1 Nd4 13.Nd2 c6 14.a4 Qe7 15.a5 Nd7 16.Qa4 Bg5
17.Bxg5 Qxg5 18.Qa2+ Kh8 19.Nc4 Qe7 20.Qb2 Nf6 21.Na4 Be6 22.Nxe5 Bb3 23.Qxd4 Bxa4
24.Qc5 Qc7 25.Nf3 Rad8 26.Nd4 Rfe8 27.Rfe1 Re5 28.Qc4 Rde8 29.Qa2 Bb5 30.f4 Qd7
31.fxe5 Qxd4+ 32.e3 Qxe5 33.d4 Qd6 34.Rc5 Ng4 35.Rxf5 Qxb4 36.Qb1 Qxb1 37.Rxb1 Bd3
38.Rff1 Nxe3 39.Rxb7 Nxf1 40.Bxf1 Bxf1 41.Kxf1 h6 42.Rb6 Re4 43.Rxa6 Rxd4
44.Rxc6 Ra4 45.a6 Ra2 46.h4 Kh7 47.h5 Kg8 48.g4 Kh7 49.Ke1 Ra4 50.Rg6 Ra2
51.Kd1 Kg8 52.Kc1 Kf7 53.Kb1 Ra5 54.Kb2 Rd5 55.Kc3 Rd1 56.Kb4 Kg8 57.Kb5 Rb1+
58.Kc6 Ra1 59.Kb7 Rb1+ 60.Rb6  1-0

[Event "ch-ROU w"]
[Site "Baile Olanesti ROU"]
[Date "2010.02.05"]
[Round "7"]
[White "Cirlig,I"]
[Black "Serbanescu,D"]
[Result "0-1"]
[WhiteElo "1579"]
[BlackElo "1735"]

1.c4 e5 2.g3 Nf6 3.Bg2 Nc6 4.Nc3 Bb4 5.e3 Bxc3 6.bxc3 O-O 7.d4 d6 8.Ne2 Bf5
9.O-O Re8 10.Re1 Na5 11.Qa4 c6 12.Rd1 e4 13.Rb1 Be6 14.Rb4 Bxc4 15.Bf1 Bb5
16.Qa3 d5 17.Nf4 Bxf1 18.Rxf1 Nc4 19.Qa4 b5 20.Qc2 Ng4 21.Kg2 a5 22.Rb3 a4
23.Rb4 h6 24.Qe2 Nf6 25.Nh5 Nh7 26.h4 Nf6 27.a3 Nxh5 28.Qxh5 Re6 29.Rh1 Qf8
30.Kf1 Rf6 31.Ke1 Rf3 32.Qg4 Re8 33.Qh3 Re6 34.Qh2 Ref6 35.Rf1 Qc8 36.Qg2 h5
37.Qh2 Qf5 38.Qg2 Kh8 39.Ke2 Qg4 40.Ke1 Rg6 41.Qh2 Qf5 42.Qg2 Qf6 43.Qh3 Rg4
44.Ke2 Nd6 45.Rb1 Nf5 46.Qh1 Nh6 47.Ke1 Rg6 48.Rb2 Ng4 49.Qg2 Qd8 50.Ke2 Rgf6
51.Ke1 Qb6 52.Rc2 c5 53.Qg1 Qc6 54.Bb2 cxd4 55.exd4 Qc4 56.Qg2 e3  0-1

[Event "Open"]
[Site "Novy Bor CZE"]
[Date "2010.02.14"]
[Round "2"]
[White "Marie,M"]
[Black "Jiruse,J"]
[Result "1-0"]
[WhiteElo "2247"]
[BlackElo "2054"]

1.c4 e5 2.g3 d6 3.Bg2 g6 4.Nc3 Bg7 5.e3 c5 6.Nge2 Nc6 7.d4 exd4 8.exd4 Nge7
9.dxc5 dxc5 10.Qxd8+ Kxd8 11.Be3 b6 12.O-O-O+ Bd7 13.Ne4 Rf8 14.Bxc5  1-0

[Event "TCh-SUI NatLigaA"]
[Site "Switzerland SUI"]
[Date "2010.02.14"]
[Round "1"]
[White "Forster,Ri"]
[Black "Miralles,G"]
[Result "1/2-1/2"]
[WhiteElo "2438"]
[BlackElo "2469"]

1.c4 e5 2.g3 Nf6 3.Bg2 d5 4.cxd5 Nxd5 5.Nc3 Nb6 6.Nf3 Nc6 7.O-O Be7 8.a3 O-O
9.b4 Re8 10.Rb1 Bf8 11.d3 Nd4 12.Nd2 c6 13.Nde4 Bg4 14.f3 Bh5 15.e3 Ne6 16.Bh3 Nd5
17.Qb3 Ndc7 18.Na4 b5 19.Nac5 Nxc5 20.Nxc5 Bxc5 21.bxc5 Na6 22.Qc3 Qd5 23.e4 Qxc5+
24.Qxc5 Nxc5 25.Be3 Ne6 26.Rfc1 Bxf3 27.Kf2 Bh5 28.Rxc6 a6 29.Rbc1 Red8 30.Bb6  1/2-1/2

[Event "Open"]
[Site "Novy Bor CZE"]
[Date "2010.02.15"]
[Round "3"]
[White "Golcman,E"]
[Black "Marchadour,E"]
[Result "1-0"]
[WhiteElo "2290"]
[BlackElo "2068"]

1.c4 e5 2.g3 Nf6 3.Bg2 d5 4.cxd5 Nxd5 5.Nf3 Nc6 6.O-O Be7 7.d4 exd4 8.Nxd4 Nxd4
9.Qxd4 Nf6 10.Qa4+ c6 11.Nc3 O-O 12.e4 Be6 13.h3 Qc8 14.Kh2 Nd7 15.Bf4 Nb6
16.Qc2 Rd8 17.b3 Qd7 18.Rad1 Qe8 19.Be3 Rxd1 20.Rxd1 Rd8 21.Ne2 Rxd1 22.Qxd1 Qd8
23.Qc2 f6 24.Nf4 Bf7 25.Nd3 Nc8 26.f4 b6 27.Qxc6 Qxd3 28.Qxc8+ Bf8 29.Qc1 Bb4
30.Qc8+ Bf8 31.Bc1 Qd6 32.Bb2 Be6 33.Qa8 a5 34.e5 fxe5 35.Bxe5 Qc5 36.Qd8 Qe7  1-0

[Event "4NCL 2009-10"]
[Site "Hinckley Island ENG"]
[Date "2010.02.21"]
[Round "6"]
[White "Mah,K"]
[Black "Piper,M"]
[Result "1-0"]
[WhiteElo "2417"]
[BlackElo "2304"]

1.c4 e5 2.g3 Nc6 3.Bg2 g6 4.Nc3 Bg7 5.Rb1 d6 6.b4 a6 7.d3 f5 8.e3 Nf6 9.Nge2 O-O
10.O-O h6 11.Nd5 g5 12.Nec3 Ne7 13.Nxf6+ Bxf6 14.d4 Ng6 15.dxe5 Bxe5 16.Bd2 Rb8
17.f4 gxf4 18.exf4 Bd4+ 19.Kh1 Be6 20.Qe2 Qd7 21.Rfe1 Rfe8 22.Qd3 Bg7 23.Nd5 c6
24.Ne3 Rbd8 25.Bc3 Bxc3 26.Qxc3 Qg7 27.Qd3 Qf6 28.a4 Ne7 29.b5 axb5 30.axb5 d5
31.cxd5 cxd5 32.Nc2 d4 33.Rb4 Nd5 34.Rxd4 Nb4 35.Qd2 Nxc2 36.Rxd8 Rxd8 37.Qxc2 Bd5
38.Bxd5+ Rxd5 39.Qc8+ Rd8 40.Qxb7 Qc3 41.Qe7 Rd1 42.Qe6+ Kg7 43.Kg1 Qf3  1-0

[Event "TCh-NED 2009-10"]
[Site "Netherlands NED"]
[Date "2010.03.06"]
[Round "7"]
[White "De Jager,J"]
[Black "Motwani,P"]
[Result "0-1"]
[WhiteElo "2368"]
[BlackElo "2497"]

1.c4 e5 2.g3 c6 3.d4 e4 4.Nc3 Bb4 5.Qb3 a5 6.a3 Bxc3+ 7.Qxc3 d5 8.f3 Nf6
9.Bg5 Bf5 10.Bg2 h6 11.Bf4 dxc4 12.Qxc4 Qb6 13.Bc1 Be6 14.Qc5 Qxc5 15.dxc5 Nbd7
16.Be3 O-O 17.Nh3 Rfe8 18.Kf2 Nd5 19.Bd4 e3+ 20.Ke1 b6 21.Nf4 Nxc5 22.Nxd5 Bxd5
23.Rd1 Rad8 24.b4 axb4 25.axb4 Bb3  0-1

[Event "ITT Benko Club Argentino"]
[Site "Buenos Aires ARG"]
[Date "2010.03.12"]
[Round "6"]
[White "Cuevas,A"]
[Black "Bueno,Alfe"]
[Result "1-0"]
[WhiteElo "2272"]
[BlackElo "2349"]

1.c4 e5 2.g3 Nc6 3.Bg2 f5 4.d3 Nf6 5.e4 Bc5 6.Ne2 O-O 7.O-O d6 8.h3 Qe8 9.Kh2 Be6
10.exf5 Bxf5 11.Nbc3 Qh5 12.f3 g5 13.Ne4 g4 14.Nxf6+ Rxf6 15.fxg4 Bxg4 16.Rxf6 Bxe2
17.Qd2 Nd4 18.b4 Kg7 19.Rh6 Nf3+ 20.Bxf3 Qxf3 21.Qg5+ Kh8  1-0

[Event "JNBS UWI Masters"]
[Site "Kingston JAM"]
[Date "2010.03.16"]
[Round "2"]
[White "Pitterson,J"]
[Black "Elliott,W"]
[Result "1/2-1/2"]
[WhiteElo "2241"]
[BlackElo "2264"]

1.c4 e5 2.g3 Nc6 3.Nc3 g6 4.Bg2 Bg7 5.e4 d6 6.Nge2 Nf6 7.O-O O-O 8.d3 Be6
9.h3 Qd7 10.Kh2 Ne8 11.f4 f5 12.Nd5 Nf6 13.Be3 Rae8 14.Qd2  1/2-1/2

[Event "Bunratty Masters"]
[Site "Bunratty IRL"]
[Date "2010.03.20"]
[Round "3"]
[White "Zulkipli,Z"]
[Black "Quinn,R"]
[Result "1-0"]
[WhiteElo "1998"]
[BlackElo "2036"]

1.c4 e5 2.g3 Nf6 3.Bg2 d5 4.cxd5 Nxd5 5.Nc3 Nb6 6.Nf3 Nc6 7.O-O Be7 8.a3 Be6
9.b4 a5 10.b5 Nd4 11.Rb1 f6 12.d3 O-O 13.Nd2 c6 14.e3 Nf5 15.bxc6 bxc6 16.Nde4 a4
17.f4 exf4 18.Rxf4 Nd5 19.Rf3 Qa5 20.Qc2 Nh6 21.Qd2 f5 22.Nxd5 Bxd5 23.Nc3 Bxf3
24.Bxf3 Bf6 25.d4 Rfd8 26.Bxc6 Rac8 27.Rb5 Qc7 28.Rc5 Qd6 29.Qg2 Nf7 30.Nxa4 Qe7
31.Rxf5 g5 32.Nb6 Rxd4 33.Nxc8  1-0

[Event "TCh-FIN 2009-10"]
[Site "Finland FIN"]
[Date "2010.03.20"]
[Round "8"]
[White "Tusa,T"]
[Black "Ristoja,T"]
[Result "1/2-1/2"]
[WhiteElo "2182"]
[BlackElo "2205"]

1.c4 e5 2.g3 Nf6 3.Bg2 d5 4.cxd5 Nxd5 5.Nc3 Nb6 6.Nf3 Nc6 7.O-O Be7 8.d3 O-O
9.a3 Be6 10.b4 f6 11.Bb2 Qd7 12.Rc1 Rfd8 13.Ne4 Bf8 14.Qc2 Rac8 15.Rfe1 Qf7
16.Nfd2 h6 17.Nc5 Bxc5 18.bxc5 Nd5  1/2-1/2

[Event "TCh-FIN 2009-10"]
[Site "Finland FIN"]
[Date "2010.03.21"]
[Round "9"]
[White "Hentunen,A"]
[Black "Hokkanen,P"]
[Result "1-0"]
[WhiteElo "2327"]
[BlackElo "2314"]

1.c4 e5 2.g3 f5 3.Bg2 Nf6 4.Nc3 Bc5 5.e3 Nc6 6.Nge2 e4 7.d3 exd3 8.Qxd3 d6
9.O-O a6 10.b3 Ne5 11.Qc2 O-O 12.Bb2 Qe8 13.Nd5 Nxd5 14.cxd5 Qe7 15.Rac1 Bd7
16.Rfe1 a5 17.Nf4 Bb6 18.Bd4 Rac8 19.Qd2 Qf7 20.Bxb6 cxb6 21.Qd4 Rc5 22.Rcd1 Kh8
23.a3 Rfc8 24.b4 Rc2 25.Qxb6 g5 26.Ne6 Qe7 27.Nd4 R2c3 28.Qxb7 R3c7 29.Qa6 axb4
30.axb4 Qf6 31.b5 Rb8 32.Nc6 Bxc6 33.dxc6 Nc4 34.Rd4 Nb6 35.Red1 Nc8 36.Qa5 Ra7
37.Qb4 Kg7 38.Qc4 Rc7 39.h4 h6 40.Qd5 Rb6 41.Bf1 Re7 42.Ra4  1-0

[Event "TCh-SUI 2010"]
[Site "Switzerland SUI"]
[Date "2010.03.21"]
[Round "2.7"]
[White "Fischer,Luk"]
[Black "Maeser,F"]
[Result "0-1"]
[WhiteElo "2128"]
[BlackElo "2307"]

1.c4 e5 2.g3 Nf6 3.Bg2 h6 4.Nc3 Bb4 5.Nd5 Nxd5 6.cxd5 O-O 7.Nf3 Re8 8.O-O c6
9.a3 Bf8 10.e4 cxd5 11.exd5 d6 12.h3 Nd7 13.d4 e4 14.Nd2 Nf6 15.g4 Qb6 16.Nc4 Qb5
17.Ne3 Nxd5 18.Nxd5 Qxd5 19.f3 f5 20.Be3 Bd7 21.Qd2 Rac8 22.fxe4 fxe4 23.Rf4 g5
24.Rf2 Bg7 25.Raf1 Rf8 26.Rxf8+ Rxf8 27.Qc2 Bc6 28.Rxf8+ Kxf8 29.Qf2+ Qf7
30.Qc2 Qd5 31.h4 gxh4 32.Qf2+ Ke8 33.Qxh4 Bxd4 34.Qxh6 Bxe3+ 35.Qxe3 Qd1+
36.Kh2 Qxg4 37.Qh6 Ke7 38.Bh3 Qe2+ 39.Kg1 Qe1+ 40.Kh2 Qf2+ 41.Bg2 Qf6 42.Qh7+ Kd8
43.b4 Qe7 44.Qg8+ Kc7 45.Qc4 Qe5+ 46.Kg1 e3 47.Bxc6 bxc6 48.Qf7+ Kb6  0-1

[Event "TCh-SUI 2010"]
[Site "Switzerland SUI"]
[Date "2010.03.21"]
[Round "2.8"]
[White "Aumann,W"]
[Black "Raeber,M"]
[Result "1/2-1/2"]
[WhiteElo "2319"]
[BlackElo "2267"]

1.c4 e5 2.g3 Nc6 3.Nc3 g6 4.Bg2 Bg7 5.d3 d6 6.e4 Be6 7.Nge2 Qd7 8.Nd5 Nd8
9.d4 c6 10.Ne3 Bh3 11.Bxh3 Qxh3 12.d5 Nf6 13.Qd3 O-O 14.Bd2 Rc8 15.f3 cxd5
16.cxd5 Nd7  1/2-1/2

[Event "26th Budapest Spring Festival"]
[Site "Budapest HUN"]
[Date "2010.03.24"]
[Round "5"]
[White "Yip,M"]
[Black "Menshikov,A"]
[Result "1/2-1/2"]
[WhiteElo "2017"]
[BlackElo "2257"]

1.c4 e5 2.g3 Nf6 3.Bg2 Nc6 4.Nc3 Bb4 5.Nf3 O-O 6.O-O e4 7.Ng5 Bxc3 8.bxc3 Re8
9.f3 e3 10.d3 d5 11.Qb3 h6 12.cxd5 Qxd5 13.Ne4 Qxb3 14.Nxf6+ gxf6 15.axb3 Bd7
16.Bb2 Rad8 17.f4 a6 18.Bf3 Bc8 19.Kg2 Kh7 20.Rfd1 Kg6 21.Ra4 Be6 22.c4 Bc8
23.Bc3 Nd4 24.Bxd4 Rxd4 25.Ra5 Red8 26.Rd5 R8xd5 27.Bxd5 Bg4 28.Be4+ Kg7
29.Re1 Bc8 30.Kf3 Rd6 31.Kxe3 Rb6 32.Rb1 Rb4 33.Kd2 Kf8 34.Kc3 a5 35.Ra1 b6
36.d4 Bd7 37.Bc2 Ke7 38.e4 Ke6 39.f5+ Kd6 40.g4 c5 41.Rd1 Bc6 42.dxc5+ Kxc5
43.h4 b5 44.cxb5 Bxe4 45.Bxe4 Rxe4 46.b6 Kxb6 47.Rd6+ Kc5 48.Rxf6 Rxg4 49.Rxh6 Rf4
50.Rf6 Rxh4 51.Rxf7 a4 52.bxa4  1/2-1/2

[Event "Victor Ciocaltea Mem"]
[Site "Bucharest ROU"]
[Date "2010.03.25"]
[Round "3"]
[White "Piorun,K"]
[Black "Murariu,A"]
[Result "0-1"]
[WhiteElo "2501"]
[BlackElo "2479"]

1.c4 e5 2.g3 Nf6 3.Bg2 d5 4.cxd5 Nxd5 5.Nf3 Nc6 6.O-O Be7 7.d4 exd4 8.Nxd4 Nxd4
9.Qxd4 Nf6 10.Qa4+ Qd7 11.Qc2 c6 12.Rd1 Qe6 13.e4 O-O 14.Nc3 Qc4 15.h3 Be6
16.Be3 Rfd8 17.Rxd8+ Bxd8 18.b3 Qb4 19.Na4 Nd7 20.f4 f6 21.Rd1 Qe7 22.Kh2 Bc7
23.e5 g6 24.exf6 Nxf6 25.Qf2 Bd5 26.Bxa7 Bxg2 27.Kxg2 Rxa7 28.Re1 Qb4 29.Re6 Ra8
30.Rxf6 Qe7 31.Qd4 b5 32.Kf3 Rd8 33.Qc3 Re8  0-1

[Event "Victor Ciocaltea Mem"]
[Site "Bucharest ROU"]
[Date "2010.03.25"]
[Round "3"]
[White "Georgescu,T"]
[Black "Doros,R"]
[Result "1-0"]
[WhiteElo "2397"]
[BlackElo "2319"]

1.c4 e5 2.g3 Nf6 3.Bg2 c6 4.Nc3 d5 5.cxd5 cxd5 6.Qb3 d4 7.Bxb7 Bxb7 8.Qxb7 Nbd7
9.Nd5 Rc8 10.Nf3 d3 11.Nxf6+ gxf6 12.exd3 Nc5 13.Qb5+ Qd7 14.Qxd7+ Kxd7 15.Ke2 Bh6
16.b4 Ne6 17.Bb2 Rc2 18.Rab1 Rhc8 19.Rhd1 Bf8 20.a3 Kd6 21.Ne1 R2c6 22.Rdc1 Nd4+
23.Kd1 a5 24.Bxd4 exd4 25.Rxc6+ Rxc6 26.bxa5 Ra6 27.Rb4  1-0

[Event "26th Budapest Spring Festival"]
[Site "Budapest HUN"]
[Date "2010.03.27"]
[Round "8"]
[White "Yip,M"]
[Black "Boguszlavszkij,J"]
[Result "1-0"]
[WhiteElo "2017"]
[BlackElo "2281"]

1.c4 e5 2.g3 Nc6 3.Bg2 g6 4.Nc3 Bg7 5.e4 d6 6.d3 f5 7.Nge2 Nf6 8.O-O O-O
9.Be3 Ng4 10.Bd2 f4 11.f3 Nf6 12.Nd5 g5 13.Bc3 Ne7 14.Nxe7+ Qxe7 15.d4 c6
16.Qd3 b6 17.b4 h5 18.c5 Rd8 19.Rfd1 dxc5 20.bxc5 bxc5 21.Ba5 Be6 22.Bxd8 Rxd8
23.Qa3 Bc4 24.Bf1 Bxe2 25.Bxe2 exd4 26.Bc4+ Kh8 27.Rab1 fxg3 28.hxg3 Qe5
29.Kg2 h4 30.gxh4 gxh4 31.f4 Qxe4+ 32.Qf3 Qxf3+ 33.Kxf3 Nd5 34.Rh1 Bf6 35.Rb7 Ne3
36.Bd3 Kg8 37.Rg1+ Kf8 38.Bh7  1-0

[Event "ch-VIE"]
[Site "Ho Chi Minh City VIE"]
[Date "2010.03.28"]
[Round "4"]
[White "Pham Duc Thang"]
[Black "Pham Chuong"]
[Result "0-1"]
[WhiteElo "2250"]
[BlackElo "2370"]

1.c4 e5 2.g3 Nf6 3.Bg2 d5 4.cxd5 Nxd5 5.Nf3 Nc6 6.O-O Nb6 7.d3 Be7 8.a3 a5
9.b3 Be6 10.Bb2 f6 11.Nbd2 O-O 12.Qc2 Qd7 13.e3 Rfd8 14.d4 exd4 15.Bxd4 Nxd4
16.Nxd4 Bd5 17.Bxd5+ Nxd5 18.Rfd1 Bf8 19.N2f3 c6 20.e4 Nc7 21.e5 Qf7 22.Re1 Rd5
23.e6 Qe7 24.Re2 Qc5 25.Rae1 Qxc2 26.Nxc2 Bc5 27.Nd2 Nxe6 28.b4 axb4 29.axb4 Nd4
30.bxc5 Nxc2 31.Rc1 Nd4 32.Re4 Ra2  0-1

[Event "ch-VIE"]
[Site "Ho Chi Minh City VIE"]
[Date "2010.03.29"]
[Round "6"]
[White "Vo Thanh Ninh"]
[Black "Nguyen Duc Hoa"]
[Result "0-1"]
[WhiteElo "2341"]
[BlackElo "2324"]

1.c4 e5 2.g3 g6 3.Bg2 Bg7 4.Nc3 Nc6 5.e4 d6 6.Nge2 Be6 7.Nd5 Qd7 8.d3 Nd8
9.d4 c6 10.Ne3 Ne7 11.d5 Bh3 12.Bxh3 Qxh3 13.Ng1 Qd7 14.h4 f5 15.f3 b5 16.cxb5 cxd5
17.Nxd5 fxe4 18.fxe4 Ne6 19.Nxe7 Kxe7 20.Ne2 Qxb5 21.Nc3 Qa6 22.Bg5+ Kd7
23.Qd5 Rhf8 24.O-O-O Rac8 25.Qd2 Nd4 26.Kb1 Rf3 27.Be3 Bh6 28.Bxh6 Rfxc3
29.Be3 Rc2 30.Qb4 R8c4 31.Qb8 Nb5 32.a4 Qxa4 33.Rd5  0-1

[Event "Philadelphia Open"]
[Site "Philadelphia USA"]
[Date "2010.04.01"]
[Round "3"]
[White "Adu,O"]
[Black "Friedel,J"]
[Result "0-1"]
[WhiteElo "2252"]
[BlackElo "2543"]

1.c4 e5 2.g3 Nf6 3.Bg2 Nc6 4.Nc3 Bc5 5.e3 d5 6.cxd5 Nb4 7.d3 c6 8.a3 Nbxd5
9.Nge2 O-O 10.O-O Nxc3 11.bxc3 Qe7 12.a4 e4 13.d4 Bd6 14.Qb3 Bg4 15.Re1 Be6
16.c4 Bb4 17.Nc3 b5 18.axb5 cxb5 19.Nxb5 Bxe1 20.Ba3 Bxf2+ 21.Kxf2 Ng4+ 22.Kg1 Qf6
23.Bxf8 Rxf8 24.Ra2 Qh6 25.Bf1 Nxe3 26.Ra1 f5 27.d5 Bd7 28.Re1 Ng4 29.Qb2 f4
30.gxf4 Qxf4 31.Qg2 e3 32.Qg3 Qf2+ 33.Kh1 Qxf1+ 34.Rxf1 Rxf1+ 35.Kg2 e2 36.Qb8+ Rf8
37.Qg3 Re8 38.Qe1 Ne3+ 39.Kf2 Nc2 40.Qxe2 Rxe2+ 41.Kxe2 Bxb5  0-1

[Event "21st Pobeskydi Chance Cup"]
[Site "Frydek-Mistek CZE"]
[Date "2010.04.02"]
[Round "3"]
[White "Petran,Pe"]
[Black "Jurcik,Mart"]
[Result "0-1"]
[WhiteElo "2370"]
[BlackElo "2362"]

1.g3 e5 2.c4 Nf6 3.Bg2 d5 4.cxd5 Nxd5 5.Nc3 Nb6 6.d3 Nc6 7.a3 Be6 8.b4 Qd7
9.h4 O-O-O 10.Be3 Nd4 11.Bxd4 exd4 12.Ne4 Bd5 13.Nf3 f5 14.Ned2 Be7 15.Qc2 Rhe8
16.O-O Bf6 17.Rfe1 Na4 18.Rac1 Nc3 19.Nb1 Nxb1 20.Rxb1 f4 21.Rbc1 fxg3 22.fxg3 Kb8
23.Nd2 Re3 24.Nf1 Re7 25.Bxd5 Qxd5 26.Qc5 Qf7 27.Qf5 Rd5 28.Qf3 Qe6 29.Rc5 Rxc5
30.bxc5 Rf7 31.Rb1 c6 32.Nd2 Bg5 33.Qxf7 Qxf7 34.hxg5 Qa2 35.Nf1  0-1

[Event "21st Pobeskydi Arcelor Mittal Cup"]
[Site "Frydek-Mistek CZE"]
[Date "2010.04.02"]
[Round "3"]
[White "Bury,R"]
[Black "Sebo,V"]
[Result "1-0"]
[WhiteElo "2081"]
[BlackElo "1757"]

1.g3 e5 2.c4 Nf6 3.Bg2 d5 4.cxd5 Nxd5 5.Nc3 Be6 6.Nf3 Nc6 7.d3 Be7 8.O-O Qd7
9.Bd2 f6 10.a3 Nxc3 11.Bxc3 Bh3 12.Qa4 g5 13.Rfd1 h5 14.d4 Bxg2 15.dxe5 Qg4
16.Rd4 Qf5 17.Kxg2 Bc5 18.Rd5 g4 19.Rxc5 gxf3+ 20.exf3 O-O-O 21.Qe4 Qg5 22.f4 Qh6
23.Qf5+ Kb8 24.Qxf6  1-0

[Event "Open"]
[Site "Thessaloniki GRE"]
[Date "2010.04.05"]
[Round "1"]
[White "Velikov,P"]
[Black "Kalogiannidis,I"]
[Result "1-0"]
[WhiteElo "2425"]
[BlackElo "2044"]

1.c4 e5 2.g3 Nc6 3.Bg2 Nf6 4.Nc3 g6 5.e3 Bg7 6.Nge2 O-O 7.O-O d6 8.d3 Be6
9.Nd5 Qd7 10.Re1 Bh3 11.Bh1 Nxd5 12.cxd5 Ne7 13.Nc3 c5 14.dxc6 bxc6 15.b3 f5
16.Bb2 f4 17.Ne4 Bg4 18.Qd2 f3 19.d4 Rad8 20.dxe5 dxe5 21.Qxd7 Rxd7 22.Red1 Rd5
23.Ba3 Re8 24.h3 Bf5 25.Bxf3 Bxh3 26.g4 h5 27.gxh5 Bf5 28.h6 Bxe4 29.Bxe4 Rxd1+
30.Rxd1 Bxh6 31.Rd7 Nf5 32.Bxc6 Rc8 33.Be4  1-0

[Event "IV Open"]
[Site "La Laguna ESP"]
[Date "2010.04.08"]
[Round "5"]
[White "Saumweber,Walter"]
[Black "Molina Rodriguez,B"]
[Result "0-1"]
[WhiteElo "2148"]
[BlackElo "1941"]

1.c4 e5 2.g3 Nf6 3.Bg2 c6 4.d4 exd4 5.Qxd4 d5 6.Nf3 Be6 7.Ng5 Nbd7 8.cxd5 cxd5
9.O-O Bc5 10.Qd3 O-O 11.Bf4 Qe7 12.Nc3 h6 13.Nxe6 fxe6 14.Rac1 Rac8 15.Nb5 a6
16.Nc3 Rfd8 17.Rcd1 Bd6 18.Bxd6 Qxd6 19.e4 Ne5 20.Qe2 d4 21.f4 d3 22.Qe1 Qd4+
23.Kh1 Nc4 24.Bh3 Rc6 25.e5 Nh7 26.Ne4 Nxb2 27.Nd6 Nf8 28.Rb1 d2 29.Qe2 Rcxd6
30.exd6 Rxd6 31.Bg4 d1=Q 32.Rfxd1 Nxd1 33.Rxd1 Qxd1+ 34.Qxd1 Rxd1+ 35.Bxd1 Kf7
36.Kg2 Ke7 37.Kf3 Kd6 38.Ke4 g5 39.Be2 Nd7 40.g4 Nf6+ 41.Kd4 Nd5 42.Bf3 b5
43.f5 e5+ 44.Kd3 Nb4+ 45.Ke4 Nxa2 46.h4 b4 47.Kd3 Nc3  0-1

[Event "TCh-NED 2009-10"]
[Site "Netherlands NED"]
[Date "2010.04.18"]
[Round "9"]
[White "Deleyn,G"]
[Black "Westermann,N"]
[Result "1/2-1/2"]
[WhiteElo "2277"]
[BlackElo "1880"]

1.c4 e5 2.g3 f5 3.Bg2 Nf6 4.Nc3 d6 5.e3 g6 6.Nge2 Bg7 7.O-O Nbd7 8.d4 c6
9.b3 O-O 10.Ba3 Ne8 11.dxe5 Nxe5 12.Qd2 Qa5 13.Bb2 Be6 14.Rad1 Rd8 15.f4 Ng4
16.Nd4 Nc7 17.e4 fxe4 18.Bxe4 Nf6 19.Nxe6 Nxe6 20.Bf3 Nc5 21.Rfe1 Rfe8 22.Kg2 Rxe1
23.Rxe1 d5 24.cxd5 Nxd5 25.Bxd5+ cxd5 26.Ba1 d4 27.Ne4 Qxd2+ 28.Nxd2 Bf6
29.Kf3 Kf7 30.Rc1 Ne6 31.Ne4 Be7 32.Rd1 Rc8 33.Rd2 Bb4 34.Rd3 Rc2 35.Bxd4 Rxa2
36.Be5 Nf8 37.h4 b6 38.Ng5+ Kg8 39.Ke4 h6 40.Nf3 Re2+ 41.Kd5 Nd7 42.Kc6 Nc5
43.Rd8+ Kf7 44.Ra8 Nxb3 45.Rxa7+ Ke6 46.Rg7 Kf5 47.h5 gxh5 48.Nh4+ Ke4 49.Kxb6 Nd4
50.Bxd4 Kxd4 51.Rg6 Re8 52.Rxh6 Ke4 53.Rxh5 Be1 54.Nf5 Rg8 55.Nd6+ Kf3  1/2-1/2

[Event "TOP 16 GpB"]
[Site "Mulhouse FRA"]
[Date "2010.04.29"]
[Round "4"]
[White "Doncea,V"]
[Black "Svetushkin,D"]
[Result "1-0"]
[WhiteElo "2475"]
[BlackElo "2554"]

1.c4 e5 2.g3 Nf6 3.Bg2 Bc5 4.Nc3 O-O 5.e3 Re8 6.Nge2 d6 7.a3 c6 8.O-O Bb6
9.d4 e4 10.d5 c5 11.h3 h5 12.Nf4 g6 13.b4 Bf5 14.Na4 Nbd7 15.Bb2 Bc7 16.bxc5 Nxc5
17.Nc3 Rc8 18.Nb5 Bb6 19.Rb1 Qe7 20.Ba1 Kh7 21.Kh2 Kh6 22.Rh1 Nd3 23.Nxd3 exd3
24.Nd4 Be4 25.f3 Bxd5 26.cxd5 Qxe3 27.Rb3 h4 28.Rf1 Nh5 29.Rxd3 hxg3+ 30.Kh1 Qf4
31.Ne2 Qf5 32.f4 Bf2 33.Bd4 Re7 34.Bxf2 gxf2 35.Nd4 Qxf4 36.Qg4 Rc4 37.Qxf4+ Nxf4
38.Rd2 Re1 39.Nb5 Rc5 40.Nxd6 Rxd5 41.Nxf7+ Kg7 42.Rxf2 Nxg2 43.Kxg2 Re4
44.Rf4 Re3 45.R1f3 Rdd3 46.Ng5 Kh6 47.Nf7+ Kg7 48.Rxe3 Rxe3 49.a4 Rb3 50.Nd6 Kh6
51.Rf7 Ra3 52.Rf4 Rb3 53.Nb5 a6 54.Nd4 Rb2+ 55.Kg3 b5 56.a5 Ra2 57.Nc6 Kg5
58.h4+ Kh5 59.Rf6 g5 60.hxg5 Kxg5 61.Rd6 Ra3+ 62.Kf2 Kf4 63.Ke2 Ke4 64.Kd2 Ra4
65.Kc3 Rc4+ 66.Kb3 Ra4 67.Rd8 Ra1 68.Ra8 Kd5 69.Nb4+ Kc5 70.Rc8+ Kd4 71.Nc2+  1-0

[Event "XV MIC"]
[Site "Split CRO"]
[Date "2010.05.11"]
[Round "3"]
[White "Lazic,Mir"]
[Black "Milosavljevic,J"]
[Result "1-0"]
[WhiteElo "2454"]
[BlackElo "2093"]

1.g3 e5 2.c4 d6 3.Bg2 g6 4.Nc3 Bg7 5.e3 Nd7 6.Nge2 Ne7 7.O-O O-O 8.d4 c6
9.b3 Qc7 10.Ba3 Rd8 11.dxe5 Nxe5 12.h3 f5 13.Qd2 Nf7 14.Bb2 Be6 15.Nd4 Qd7
16.Rfe1 Re8 17.Nxe6 Qxe6 18.e4 Rad8 19.Re2 Bh6 20.f4 Qc8 21.Rae1 Kf8 22.h4 Bg7
23.Bh3 Qc7 24.g4 fxg4 25.Bxg4 Qb6+ 26.Kh1 Qd4 27.Qc1 Qf6 28.Rh2 Nh6 29.Bh3 Qxh4
30.Bd7 Qg3 31.Rh3 Qf2 32.Re2 Qb6 33.Bxe8 Kxe8 34.Na4  1-0

[Event "ch-CAT"]
[Site "Sabadell ESP"]
[Date "2010.05.15"]
[Round "1.1"]
[White "Narciso Dublan,M"]
[Black "Farran Martos,F"]
[Result "1/2-1/2"]
[WhiteElo "2535"]
[BlackElo "2267"]

1.c4 e5 2.g3 Nc6 3.Nc3 Nf6 4.Bg2 g6 5.Nf3 Bg7 6.d4 exd4 7.Nxd4 Nxd4 8.Qxd4 O-O
9.Qh4 Nh5 10.Qxd8 Rxd8 11.O-O d6 12.Bg5 Bf6 13.Bxf6 Nxf6 14.Nd5 Ne8 15.e4 Be6
16.Rad1 f6 17.Rd3 c6 18.Ne3 Kf8 19.Rfd1 Ke7 20.g4 h6 21.f4 Bf7 22.Kf2 Ng7
23.Kg3 a5 24.h4 a4 25.Ra3 Ne6 26.h5 Nc5 27.hxg6 Bxg6 28.Nf5+ Bxf5 29.exf5 Rh8
30.Re3+ Kf7 31.Kh4 Rae8 32.Rde1 Nd3 33.Rxe8 Rxe8 34.Rxe8 Kxe8 35.Bf1 Nf2
36.Be2 Kf7 37.Kg3 Ne4+ 38.Kf3 Nc5 39.Ke3 a3 40.bxa3 Ke7 41.Bd1 Nd7 42.Kd4 Nc5
43.Bc2 Nd7 44.Kc3 Kd8 45.Kb4 Kc7 46.Ka5 Nc5 47.Bb1 Nd7 48.Bc2 Nc5  1/2-1/2

[Event "ch-CAT"]
[Site "Sabadell ESP"]
[Date "2010.05.15"]
[Round "1.1"]
[White "Magem Badals,J"]
[Black "Terrones Launes,M"]
[Result "1-0"]
[WhiteElo "2585"]
[BlackElo "1935"]

1.c4 e5 2.g3 d6 3.Bg2 g6 4.Nc3 Bg7 5.e4 Be6 6.d3 c6 7.Nge2 f5 8.O-O Nf6 9.exf5 gxf5
10.Qb3 Qc7 11.d4 O-O 12.d5 Bf7 13.Bh3 cxd5 14.cxd5 Bg6 15.Be3 a6 16.Rac1 Qe7
17.Na4 Nbd7 18.Rc7 b5 19.Nb6 Rad8 20.Rfc1 Ne8 21.Ra7 Rf7 22.Qa3 Qf6 23.Nxd7 Rdxd7
24.Rxd7 Rxd7 25.Qxa6  1-0

[Event "BSG Pinkster GpA"]
[Site "Bossum NED"]
[Date "2010.05.24"]
[Round "6"]
[White "Pliester,L"]
[Black "Van Kampen,R"]
[Result "1/2-1/2"]
[WhiteElo "2366"]
[BlackElo "2481"]

1.c4 e5 2.g3 Nf6 3.Bg2 Nc6 4.Nc3 Bc5 5.e3 O-O 6.Nge2 d5 7.Nxd5 Nxd5 8.cxd5 Nb4
9.Nc3 Bf5 10.Ne4 Bb6 11.Qb3 Nxd5 12.Qxd5 Qxd5 13.Nf6+ gxf6 14.Bxd5 c6 15.Bc4 Rfd8
16.a4 Ba5 17.Ke2 e4 18.h3 Rd7 19.g4 Be6 20.b3 Rad8 21.Ra2 Kg7 22.Rf1 h5 23.f3 exf3+
24.Rxf3 hxg4 25.Rg3 Bf5 26.hxg4 Bd3+ 27.Bxd3 Rxd3 28.Rb2 Bb4 29.Rc2 Rxb3
30.Rc4 a5 31.g5 Rd5 32.gxf6+ Kxf6 33.Rf4+ Ke6 34.Rgf3 Be7 35.e4 Rc5 36.Rxb3 Rxc1
37.Rxb7 Ke5  1/2-1/2

[Event "NAO"]
[Site "Stillwater USA"]
[Date "2010.05.30"]
[Round "6"]
[White "Cohen,L"]
[Black "Luscomb,D"]
[Result "1/2-1/2"]
[WhiteElo "2031"]
[BlackElo "1856"]

1.c4 e5 2.g3 Nf6 3.Bg2 Nc6 4.Nc3 Bb4 5.e3 O-O 6.Nge2 d6 7.O-O Bxc3 8.Nxc3 Be6
9.Nd5 Bxd5 10.cxd5 Ne7 11.e4 Nd7 12.d4 f5 13.dxe5 Nxe5 14.Qb3 fxe4 15.Bxe4 Qd7
16.f4 Ng4 17.h3 Nf6 18.Bg2 b6 19.Be3 h5 20.Bd4 Qf5 21.Bxf6 Qxf6 22.Rac1 Qd4+
23.Kh2 Nf5 24.Rfd1 Qf2 25.Rc2 Qe3 26.Rxc7 Qxb3 27.axb3 h4 28.g4 Ne3 29.Rd4 g5
30.f5 Rfe8 31.Bf3 Nf1+ 32.Kg2 Re1 33.f6 Rf8 34.Kf2 Rb1 35.Rg7+ Kh8 36.Rg6 Ng3
37.Rh6+ Kg8 38.Rd2 Re8 39.Rc2 Rf1+ 40.Kg2 Rb1 41.f7+ Kxf7 42.Rxd6 Re7 43.Rdc6 Ree1
44.Rc7+ Ke8 45.d6 Rg1+ 46.Kh2 Rgf1 47.Bc6+ Kf8 48.Rc8+ Kg7 49.d7 Rfd1 50.Rf2 Nh1
51.Bxh1 Rxh1+ 52.Kg2 Rbe1 53.Rg8+ Kh7 54.Rxg5 Rhg1+ 55.Kf3 Rd1 56.Rh5+ Kg6
57.Rxh4 Rxd7 58.Rh8 Rd3+ 59.Kf4 Rxb3 60.Re2 Rf1+ 61.Ke5 Kg7 62.Ra8 Rxh3 63.Rxa7+ Kg6
64.Rb7 Rb3 65.Rc2 Rf6 66.Rg2 Rf1 67.Rd2 Rb5+ 68.Ke4 Re1+ 69.Kf3 Rb3+ 70.Kf2 Re6
71.Rb8 Rf6+ 72.Kg2 Kg5 73.Rg8+ Kh4 74.Kg1 Rg3+ 75.Rg2 Rff3 76.Rh8+  1/2-1/2